Entry Personal Name
Number of records used in: 1
001 - CONTROL NUMBER
003 - CONTROL NUMBER IDENTIFIER
005 - DATE AND TIME OF LATEST TRANSACTION
- control field:
20230715133933.0
008 - FIXED-LENGTH DATA ELEMENTS
- fixed length control field:
140701n| azannaabn |n aaa
010 ## - LIBRARY OF CONGRESS CONTROL NUMBER
- LC control number:
n 2014038974
040 ## - CATALOGING SOURCE
- Original cataloging agency:
DLC
- Language of cataloging:
eng
- Description conventions:
rda
- Transcribing agency:
DLC
100 1# - HEADING--PERSONAL NAME
- Personal name:
Newman, Amy
670 ## - SOURCE DATA FOUND
- Source citation:
Business communication, 2015:
- Information found:
t.p. (Amy Newman) p. xiii (Amy Newman specializes in business communication at the Cornel Univ. School of Hotel Admin. As a senior lecturer, she teaches 2 required communication courses: a freshman business writing and oral communication class and an upper-level persuasive communication class.)